The Ultimate GOT7 Quiz - Statistics

General Stats
  • This quiz has been taken 293 times
    284 since last reset
  • The average score is 11 of 15
Answer Stats
Question Answer % Correct
When did Got7 disband? they never disbanded
98%
What is the pseudonym Jaebeom works under? Def.
95%
Who is the embodiment of the peach emoji?🍑 Jinyoung
95%
Who threw their laptop at which member? Mark at BamBam
91%
Which song does not belong to the flight log trilogy? Stop Stop it
90%
Who's the ketchup to Yugyeom's mustard? Mark
86%
What food did Youngjae make Jackson pay? Shabu Shabu
85%
Who ate Bob? Coco
82%
Which of these is a full length album? Present: You
79%
Who was the only one surviving the car crash? Jinyoung
71%
What body part did BamBam try to freeze? the balls
66%
Which member has a cat hair allergy? Youngjae
52%
What is the official release date of the "Girls Girls Girls" music video? 14th January 2014
33%
Who won a date with Suzy? BamBam
32%
Who was never (special) leader? Jackson
31%
No matching quizzes found
Score Distribution
Percent of People with Each Score
Percentile by Number Answered
Your Score History
You have not taken this quiz since the last reset